Hảo nữ Trung Hoa

Shranjeno v:
Bibliografske podrobnosti
Glavni avtor: Hân Nhiên
Format: Knjiga
Jezik:Undetermined
Izdano: Thành phố Hồ Chí Minh Văn hóa Sài Gòn 2010
Teme:
Oznake: Označite
Brez oznak, prvi označite!
Thư viện lưu trữ: Trung tâm Học liệu Trường Đại học Cần Thơ
LEADER 00573nam a2200193Ia 4500
001 CTU_154739
008 210402s9999 xx 000 0 und d
020 |c 65000 
082 |a 895.13 
082 |b H121 
100 |a Hân Nhiên 
245 0 |a Hảo nữ Trung Hoa 
245 0 |c Hân Nhiên ; Người dịch: Tạ Huyền 
260 |a Thành phố Hồ Chí Minh 
260 |b Văn hóa Sài Gòn 
260 |c 2010 
650 |a Chinese fiction (Vietnamese) 
904 |i Giang (Vân) 
980 |a Trung tâm Học liệu Trường Đại học Cần Thơ